000 01141cab a2200337 4500
001 ABS46280
008 090401t1992 xxu||||| |||| 00| 0 eng d
035 _a(Sirsi) u57546
041 _aeng
100 _aGraham, T.
245 _aNational policy, a matter of weight and section 54a
260 _c1992
350 _a0
490 _aConveyancer & Property Lawyer
_v(1992) 87 Conv 83-91(9)
520 _aConsiders the tension between national and local planning policy with reference to Circulars 22/80 and 14/85, PPG1, the Planning and Compensation Act 1991 and relevant caselaw.
650 _aCARPETS OF WORTH LTD V WYRE FOREST DC
650 _aDEVELOPMENT PLANS
650 _aDOE CIRCULAR 14/1985
650 _aDOE CIRCULAR 22/1980
650 _aLOCAL DEVELOPMENT PLANS
650 _aNATIONAL POLICY
650 _aPLANNING AND COMPENSATION ACT 1991
650 _aPPG1
650 _aPRESUMPTION IN FAVOUR OF DEVELOPMENT
650 _aPRESUMPTIONS
650 _aSTRUCTURE PLANS
650 _aTOWN AND COUNTRY PLANNING ACT 1990 S54A
690 _aPLANNING LAW AND PRACTICE
942 _n0
948 _c04/03/1997
999 _c35105
_d35105